000 00809nam a2200193Ii 4500
003 JO-AjNU
008 230605s9999||||xx |||||||||||||| ||und||
040 _aJO-AjNU
_bara
_erda
_cJO-AjNU
041 _aara
050 1 4 _aDS231.A531900
100 3 _aتاليف: الالوسي البغدادي، السيد محمود شكري؛ عني بشرحه وتصحيحه وضبطه: محمد بهجة الاثري,
_eauthor
_959120
245 0 0 _aبلوغ الأرب في معرفة احوال العرب،ج2
264 3 1 _aبيروت: دار الكتب العلمية، 1900
300 _aج2: 395ص
_bيحتوي على فهرس من ص 372-395
336 _atext
_btxt
_2rdacontent
337 _aunmediated
_bn
_2rdamedia
338 _avolume
_bnc
_2rdacarrier
650 4 _aجاهلية- تاريخ - عرب
_959121
999 _aA26588
_c30156
_d30156